000 01980nam a2200241Ia 4500
003 Ost
005 20260507075109.0
008 260507s9999||||xx |||||||||||||| ||und||
040 _cfsecg
041 _aara
082 _a330
100 _aالسمان، محمد مروان
_eمؤلف
245 0 _aمبادئ التحليل الاقتصادي :
_bالجزئي و الكلي /
_c محمد مروان السمان
260 _aعمان:
_bمكتبة دار الثقافة,
_c2009
300 _a418 صفحة؛
_bإيضاحات ؛
_c24 سم
520 _aيلعب الاقتصاد دورا هاما في حياة الأفراد والمجتمعات والدول لذلك تعود الحاجة للتعرف الاقتصادي إلى بداية وجود الإنسان ونظرا لتعدد ضروب النشاط الاقتصادي وتباين وتطور أدوات البحث فيه ورغبة علماء الاقتصاد في الوصول إلى حقيقة القواعد والقوانين التي تحكمه قد جمع هذا الكتاب في طياته مجموعة المبادئ والأسس التي استقر رأي الباحثين عليها في كل فرع من فروع علم الاقتصاد وبهذا تناول الكتاب التعريف بعلم الاقتصاد وطبيعة ونطاقه وعلاقته بالعلوم الأخرى ثم عرض المشكلة الاقتصادية وعرج أيضا إلى قضية القيمة من زاوية دورها الاقتصادي والعوامل التي تتحد دبها ومن ثم السلوك الاقتصادي للفرد بصفته مستهلكا يسعى لتحقيق أعلى درجة ممكنة من الأرباح.
653 _aإقتصاد وأعمال
653 _aالتحليل الإقتصادي
653 _aفكر اقتصادي
700 _aشامية، احمد زهير
_eمؤلف ثانوي
700 _aمحبك، محمد ظاهر
_eمؤلف ثانوي
942 _cكتاب
999 _c42840
_d42840